000 00316nam a22001457a 4500
008 221020b ||||| |||| 00| 0 eng d
020 _a0874894859
041 _aeng
080 _a61
082 _a61 HAM
100 _a6
101 _aMJEK
245 _aGERIATRIC MEDICINE ANNUAL 1989
_cHAM J R
942 _2udc
_cBK
999 _c58634
_d58634